Visualizzazione normale
Vista MARC
- Hendrix Jimi
di Personal Name
Records bibliografici associati: 9
001 - CONTROL NUMBER
- control field: 2655
003 - CONTROL NUMBER IDENTIFIER
- control field: IT-RoPau
005 - DATE AND TIME OF LATEST TRANSACTION
- control field: 20131121100428.0
008 - FIXED-LENGTH DATA ELEMENTS
- fixed length control field: 131121|| aca||aabn | a|a d
040 ## - CATALOGING SOURCE
- Original cataloging agency: IT-RoPau
- Transcribing agency: IT-RoPau
100 ## - HEADING--PERSONAL NAME
- Personal name: Hendrix Jimi
670 ## - SOURCE DATA FOUND
- Source citation: Work cat.: (IT-RoPau)102886: Hendrix Jimi, Electric Ladyland-The Jimi Hendrix Experience (Lp 184183/4)